00985nam a2200277 a 450000500170000000800410001701000140005802000260007203500130009803700150011104000180012608200110014410000170015524500720017226000470024427000440029130000250033550000400036060000500040060000400045065000370049065000260052765000380055365000640059165000520065520090924105635.0070410s2007 ilu b 001 0 eng  aENG-95022 a9788190774802c450.00 aEN-78555 bDBAD / PUB adplbEnglish  a883.08 aVishnu Kant  aThe fiction of Toni Morrison :ba critical study /cby Vishnu Kant  aNew Delhi bSatyam Publishing House c2009 aN-3/25 Mohan GardenbNew Delhi e110059 av, 198p. c23cm(Hb)  aIncludes bibliographical references aMorrison, TonixCriticism and interpretation. aMorrison, TonixStudy and teaching. aAfrican Americans in literature. aRacism in literature. aPassing (Identity) in literature. aWomen and literaturezUnited StatesxHistoryy20th century. aLiterature and societyzUnited StatesxHistory.